000 00591cam a2200229 4500
001 2724577
005 20180307092602.0
008 721204s1972 caua b 001 0 eng
010 _a 77169737
020 _a0716708221
040 _aDLC
_cDLC
_dDLC
041 _aeng
080 _a632 ROB
082 0 0 _a632 ROB
100 1 _a9
101 _aPAT
245 1 0 _aFundamentals of plant pathology
_c[by] Daniel A. Roberts [and] Carl W. Boothroyd.
350 _a$15.00
504 _aIncludes bibliographies.
906 _a7
_bcbc
_corignew
_d2
_encip
_f19
_gy-gencatlg
942 _2ddc
_cBK
999 _c44346
_d44346